[Event "2. Bundesliga West 2016/17"]
[Site "Salzburg/Wals"]
[Date "2017.03.05"]
[Round "11"]
[Board "2"]
[White "Lanka, Zigurds"]
[Black "Mons, Leon"]
[Result "1/2-1/2"]
[WhiteElo "2445"]
[BlackElo "2461"]
[PlyCount "68"]
[EventDate "2016.10.28"]
[EventType "team"]
[EventRounds "11"]
[EventCountry "AUT"]
[WhiteTeam "Zillertal"]
[BlackTeam "SIR Bernhard 1"]

1. Nf3 d5 2. c4 e6 3. b3 Nf6 4. g3 d4 5. Bg2 c5 6. O-O Nc6 7. d3 Bd6 8. e4 dxe3
9. fxe3 O-O 10. Nc3 Rb8 11. d4 b6 12. Kh1 Bb7 13. Bb2 Qd7 14. Qe2 Rbd8 15. Rad1
Qc8 16. Ng5 Be7 17. d5 exd5 18. cxd5 Ne5 19. Nb5 Nxd5 20. Nxh7 Qg4 21. Rde1
Qxe2 22. Rxe2 Kxh7 23. Bxe5 a6 24. Na3 f6 25. Bb2 Ba8 26. Nc2 Rfe8 27. Kg1 Nc7
28. Bxa8 Nxa8 29. Kg2 Nc7 30. e4 Bd6 31. Rd1 Be7 32. Red2 Rxd2+ 33. Rxd2 Rd8
34. Rxd8 Bxd8 1/2-1/2

[Event "2. Bundesliga West 2016/17"]
[Site "Salzburg/Wals"]
[Date "2017.03.05"]
[Round "11"]
[Board "3"]
[White "Nestorovic, Nikola"]
[Black "Hausner, Ivan"]
[Result "1-0"]
[WhiteElo "2495"]
[BlackElo "2360"]
[PlyCount "77"]
[EventDate "2016.10.28"]
[EventType "team"]
[EventRounds "11"]
[EventCountry "AUT"]
[WhiteTeam "SIR Bernhard 1"]
[BlackTeam "Zillertal"]

1. e4 d6 2. d4 Nf6 3. Nc3 c6 4. f4 Qa5 5. e5 Ne4 6. Qf3 Nxc3 7. Bd2 Qd5 8. Qxc3
dxe5 9. fxe5 Bf5 10. Ne2 e6 11. Nf4 Qd7 12. O-O-O Na6 13. Bxa6 bxa6 14. Rhg1
Be7 15. g4 Bg6 16. h4 O-O 17. h5 Be4 18. Qe3 Bd5 19. h6 g6 20. b3 Rfc8 21. Nd3
c5 22. Nxc5 Qc7 23. c4 Bxc5 24. dxc5 Qxc5 25. Qxc5 Rxc5 26. Bb4 Rcc8 27. Kb2
Bc6 28. Rd4 Rab8 29. Ka3 a5 30. Bxa5 Kf8 31. Rgd1 Ke8 32. R1d3 Ra8 33. b4 a6
34. Kb3 Rab8 35. a4 Bg2 36. Rd6 Ra8 37. Bb6 Rab8 38. Be3 Rc6 39. Bg5 1-0

[Event "2. Bundesliga West 2016/17"]
[Site "Salzburg/Wals"]
[Date "2017.03.05"]
[Round "11"]
[Board "4"]
[White "Maiwald, Jens-Uwe"]
[Black "Prusikin, Michael"]
[Result "1/2-1/2"]
[WhiteElo "2448"]
[BlackElo "2530"]
[PlyCount "112"]
[EventDate "2016.10.28"]
[EventType "team"]
[EventRounds "11"]
[EventCountry "AUT"]
[WhiteTeam "Zillertal"]
[BlackTeam "SIR Bernhard 1"]

1. Nf3 d5 2. g3 Nd7 3. Bg2 e5 4. d3 c6 5. O-O Bd6 6. c4 Ne7 7. Nc3 O-O 8. Nd2
Nf6 9. Rb1 Be6 10. b4 a6 11. a4 Qd7 12. a5 Bh3 13. e4 h6 14. Na4 Bxg2 15. Kxg2
Rad8 16. Qe2 Ng6 17. Nb3 Qe7 18. Nbc5 Rfe8 19. Be3 Nf8 20. Rfc1 Ne6 21. Nxe6
Qxe6 22. Bb6 Rc8 23. Bc5 Bc7 24. Bb6 Bd6 25. Bc5 Bc7 26. Rc2 Rcd8 27. Rbc1 Kh8
28. h3 Kg8 29. Qf3 Kh8 30. Be3 d4 31. Bd2 Nd7 32. Rb1 Bd6 33. b5 cxb5 34. cxb5
Rc8 35. Rxc8 Rxc8 36. bxa6 bxa6 37. Nb6 Rc2 38. Qd1 Ra2 39. Nxd7 Qxd7 40. Rb6
Bc5 41. Rb8+ Kh7 42. Be1 Ra3 43. Qf3 Qe6 44. Rb7 Kg8 45. Rb8+ Kh7 46. h4 Qf6
47. Qe2 Qe7 48. Qc2 Qc7 49. Ra8 Qc6 50. Rd8 Qc7 51. Re8 Bd6 52. Qb1 Qd7 53. Ra8
Qb5 54. Qd1 Qb7 55. Rd8 Qc7 56. Ra8 Qb7 1/2-1/2

[Event "2. Bundesliga West 2016/17"]
[Site "Salzburg/Wals"]
[Date "2017.03.05"]
[Round "11"]
[Board "5"]
[White "Pitl, Gregory"]
[Black "Platzgummer, Fabian"]
[Result "1/2-1/2"]
[WhiteElo "2397"]
[BlackElo "2334"]
[PlyCount "62"]
[EventDate "2016.10.28"]
[EventType "team"]
[EventRounds "11"]
[EventCountry "AUT"]
[WhiteTeam "SIR Bernhard 1"]
[BlackTeam "Zillertal"]

1. e4 c5 2. Nf3 d6 3. c3 Nf6 4. Be2 Bg4 5. O-O e6 6. Re1 Nc6 7. d4 cxd4 8. cxd4
d5 9. e5 Nd7 10. Nbd2 Qb6 11. h3 Bh5 12. a3 a5 13. Qa4 Be7 14. b3 O-O 15. Bb2
Rfc8 16. Rac1 Rc7 17. b4 Bxf3 18. Nxf3 Rac8 19. b5 Ncb8 20. Rxc7 Rxc7 21. Nd2
Qa7 22. Nb3 b6 23. Nd2 Qb7 24. g3 Qc8 25. Bd3 Nf8 26. h4 Nbd7 27. Kg2 f5 28.
Qb3 Ng6 29. Nf3 Ndf8 30. Ng1 Qe8 31. Nf3 Qf7 1/2-1/2

[Event "2. Bundesliga West 2016/17"]
[Site "Salzburg/Wals"]
[Date "2017.03.05"]
[Round "11"]
[Board "6"]
[White "Tabernig, Bernhard"]
[Black "Grimberg, Boris"]
[Result "1/2-1/2"]
[WhiteElo "2330"]
[BlackElo "2339"]
[PlyCount "117"]
[EventDate "2016.10.28"]
[EventType "team"]
[EventRounds "11"]
[EventCountry "AUT"]
[WhiteTeam "Zillertal"]
[BlackTeam "SIR Bernhard 1"]

1. d4 d5 2. c4 c6 3. Nf3 Nf6 4. Nc3 a6 5. a4 g6 6. cxd5 cxd5 7. Bf4 Nc6 8. e3
Qb6 9. Ra3 e6 10. Ra2 Ne4 11. Nd2 Bb4 12. Ndxe4 dxe4 13. Be2 e5 14. Bxe5 Nxe5
15. dxe5 Be6 16. Ra1 Qa5 17. O-O Qxe5 18. a5 O-O 19. Qa4 Bxc3 20. bxc3 Rac8 21.
Rab1 Rc7 22. Rb4 Qxc3 23. Rxe4 Qd2 24. Bf3 Rc5 25. Rb4 Rc1 26. Rd4 Rxf1+ 27.
Kxf1 Qb2 28. Qb4 Qa2 29. Rd2 Qc4+ 30. Qxc4 Bxc4+ 31. Ke1 Re8 32. Rd4 Rc8 33.
Bxb7 Rc5 34. Rd8+ Kg7 35. Rc8 Rxc8 36. Bxc8 Kf6 37. f4 Ke7 38. Kd2 Kd6 39. Kc3
Kc5 40. g4 h6 41. g5 hxg5 42. fxg5 Bf1 43. Bd7 Bb5 44. Bg4 Bc6 45. Be2 Bb5 46.
Bd1 Be8 47. h4 Kb5 48. Kd4 Kxa5 49. Ke5 Kb4 50. Kf6 a5 51. Ke7 a4 52. Bxa4 Bxa4
53. Kxf7 Bc2 54. Kg7 Kc4 55. Kh6 Kd5 56. h5 gxh5 57. Kxh5 Ke4 58. g6 Bb3 59. g7
 1/2-1/2

[Event "2. Bundesliga West 2016/17"]
[Site "Salzburg/Wals"]
[Date "2017.03.05"]
[Round "11"]
[Board "1"]
[White "Sergeev, Vladimir"]
[Black "Fedorovsky, Michael"]
[Result "0-1"]
[WhiteElo "2440"]
[BlackElo "2497"]
[PlyCount "32"]
[EventDate "2016.10.28"]
[EventType "team"]
[EventRounds "11"]
[EventCountry "AUT"]
[WhiteTeam "Bregenz 2"]
[BlackTeam "Jenbach 2"]

1. d4 f5 2. Nc3 Nf6 3. Bg5 d5 4. e3 e6 5. Nf3 Be7 6. Bd3 O-O 7. O-O c5 8. dxc5
Ne4 9. Bxe7 Qxe7 10. Ne2 Nxc5 11. a3 e5 12. Nc3 Nxd3 13. cxd3 Rd8 14. Qb3 Be6
15. Qb4 Qxb4 16. axb4 Nd7 {61 moves, rest of the game not readable} 0-1

[Event "2. Bundesliga West 2016/17"]
[Site "Salzburg/Wals"]
[Date "2017.03.05"]
[Round "11"]
[Board "2"]
[White "Lehner, Oliver"]
[Black "Dobosz, Henryk"]
[Result "1/2-1/2"]
[WhiteElo "2407"]
[BlackElo "2390"]
[PlyCount "59"]
[EventDate "2016.10.28"]
[EventType "team"]
[EventRounds "11"]
[EventCountry "AUT"]
[WhiteTeam "Jenbach 2"]
[BlackTeam "Bregenz 2"]

1. d4 d5 2. Bf4 c6 3. e3 Bf5 4. c4 e6 5. Nc3 Nf6 6. Qb3 Qc8 7. Rc1 Nbd7 8. cxd5
Nxd5 9. Bg3 Bb4 10. a3 Ba5 11. Nf3 O-O 12. Be2 Nxc3 13. bxc3 Bc7 14. Bxc7 Qxc7
15. Nd2 c5 16. O-O Rac8 17. Qb2 Qb8 18. a4 Rc7 19. a5 cxd4 20. cxd4 Rfc8 21. e4
Bg6 22. f3 b6 23. axb6 Rxc1 24. Rxc1 Rxc1+ 25. Qxc1 Qxb6 26. Qc4 e5 27. Nb3
exd4 28. Nxd4 h6 29. Kf1 Nc5 30. Qb5 1/2-1/2

[Event "2. Bundesliga West 2016/17"]
[Site "Salzburg/Wals"]
[Date "2017.03.05"]
[Round "11"]
[Board "3"]
[White "Barthelmann, Benno"]
[Black "Reich, Thomas"]
[Result "1-0"]
[WhiteElo "2097"]
[BlackElo "2349"]
[PlyCount "107"]
[EventDate "2016.10.28"]
[EventType "team"]
[EventRounds "11"]
[EventCountry "AUT"]
[WhiteTeam "Bregenz 2"]
[BlackTeam "Jenbach 2"]

1. c4 Nf6 2. g3 g6 3. Bg2 Bg7 4. e4 d6 5. Ne2 O-O 6. O-O c5 7. Nbc3 Nc6 8. d3
Bg4 9. h3 Bxe2 10. Nxe2 Ne8 11. Rb1 Nc7 12. a3 Ne6 13. b4 b6 14. f4 Ned4 15. f5
Nxe2+ 16. Qxe2 Bd4+ 17. Kh1 Ne5 18. Bh6 f6 19. Bxf8 Qxf8 20. fxg6 hxg6 21. Bf3
Qh6 22. Kg2 Kf7 23. bxc5 dxc5 24. Rbd1 Rd8 25. h4 e6 26. Rh1 Ke7 27. Bg4 Rg8
28. Bf3 Kd6 29. a4 Nc6 30. Qe1 Be5 31. Qd2 Qf8 32. Rdf1 Kc7 33. Be2 Qe7 34. Qe3
a5 35. g4 g5 36. hxg5 Rxg5 37. Rh6 Rg7 38. Qh3 Kd6 39. Rh1 Bf4 40. Rh7 Rxh7 41.
Qxh7 Qxh7 42. Rxh7 e5 43. Kh3 Bg5 44. Rb7 Nb4 45. Rxb6+ Kc7 46. Rb5 Nc6 47.
Rxc5 Be3 48. Rd5 Kb6 49. Kh4 Bg5+ 50. Kh5 Kc7 51. Bd1 Nb4 52. Rxa5 Nxd3 53. Kg6
Nf4+ 54. Kf7 1-0

[Event "2. Bundesliga West 2016/17"]
[Site "Salzburg/Wals"]
[Date "2017.03.05"]
[Round "11"]
[Board "4"]
[White "Micheli, Carlo"]
[Black "Amann, Harald"]
[Result "1-0"]
[WhiteElo "2242"]
[BlackElo "2049"]
[PlyCount "75"]
[EventDate "2016.10.28"]
[EventType "team"]
[EventRounds "11"]
[EventCountry "AUT"]
[WhiteTeam "Jenbach 2"]
[BlackTeam "Bregenz 2"]

1. Nf3 Nf6 2. b3 g6 3. Bb2 Bg7 4. c4 O-O 5. g3 c6 6. Bg2 d5 7. O-O e6 8. d3
Nbd7 9. Qc2 c5 10. e3 b6 11. Nc3 Bb7 12. Rad1 Qe7 13. Rfe1 Rfd8 14. Ne2 Rac8
15. Ne5 Nxe5 16. Bxe5 Nd7 17. Bxg7 Kxg7 18. Nf4 Nf6 19. Qb2 dxc4 20. bxc4 Bxg2
21. Kxg2 e5 22. Ne2 Kg8 23. e4 Nd7 24. Nc3 Nb8 25. Nd5 Qe6 26. f4 Nc6 27. fxe5
Nd4 28. Qf2 Qxe5 29. Rf1 Qe6 30. Qe3 f5 31. Qg5 Kg7 32. Rde1 h6 33. Qd2 Qd6 34.
g4 fxg4 35. e5 Nf3 36. exd6 Nxd2 37. Re7+ Kh8 38. Nf6 1-0

[Event "2. Bundesliga West 2016/17"]
[Site "Salzburg/Wals"]
[Date "2017.03.05"]
[Round "11"]
[Board "5"]
[White "Oswald, Albert"]
[Black "Hoellrigl, Wilfried"]
[Result "0-1"]
[WhiteElo "1920"]
[BlackElo "2151"]
[PlyCount "71"]
[EventDate "2016.10.28"]
[EventType "team"]
[EventRounds "11"]
[EventCountry "AUT"]
[WhiteTeam "Bregenz 2"]
[BlackTeam "Jenbach 2"]

1. Nf3 Nf6 2. g3 g6 3. Bg2 Bg7 4. d3 O-O 5. O-O c5 6. Nbd2 d5 7. c3 Nc6 8. e4
d4 9. c4 e5 10. Nb3 Qe7 11. Nh4 Ne8 12. Bd2 Bd7 13. a3 b6 14. Qe1 Nd6 15. f4
Rac8 16. Qf2 f5 17. exf5 Nxf5 18. Bd5+ Kh8 19. Nf3 Ne3 20. Bxe3 dxe3 21. Qxe3
exf4 22. Qf2 fxg3 23. Qxg3 Qe3+ 24. Kh1 Qxd3 25. Nbd2 Bf5 26. Rad1 Bxb2 27. Ne4
Qxa3 28. Nd6 Ne7 29. Bb7 Rb8 30. Qh4 Bf6 31. Ng5 h5 32. Rde1 Rxb7 33. Nxb7 Qd3
34. Rd1 Qe3 35. Rf4 Bxg5 36. Qxg5 0-1

[Event "2. Bundesliga West 2016/17"]
[Site "Salzburg/Wals"]
[Date "2017.03.05"]
[Round "11"]
[Board "6"]
[White "Heinrich, Thomas"]
[Black "Dorner, Guenther"]
[Result "1-0"]
[WhiteElo "2150"]
[BlackElo "1917"]
[PlyCount "51"]
[EventDate "2016.10.28"]
[EventType "team"]
[EventRounds "11"]
[EventCountry "AUT"]
[WhiteTeam "Jenbach 2"]
[BlackTeam "Bregenz 2"]

1. d4 d5 2. c4 c6 3. Nf3 e6 4. g3 Nf6 5. Bg2 Be7 6. Qc2 O-O 7. O-O Nbd7 8. b3
b6 9. Nc3 Bb7 10. Rd1 Rc8 11. e4 dxe4 12. Ng5 c5 13. dxc5 Bxc5 14. Ngxe4 Nxe4
15. Nxe4 Qe7 16. Ng5 Nf6 17. Bb2 Bxf2+ 18. Qxf2 Ng4 19. Qf4 e5 20. Qxg4 Qc5+
21. Kh1 Bxg2+ 22. Kxg2 f5 23. Qe2 Qc6+ 24. Kg1 e4 25. Qd2 h6 26. Qd7 1-0

[Event "2. Bundesliga West 2016/17"]
[Site "Salzburg/Wals"]
[Date "2017.03.05"]
[Round "11"]
[Board "1"]
[White "Matt, Fabian"]
[Black "Imnadze, Nato"]
[Result "0-1"]
[WhiteElo "2326"]
[BlackElo "2261"]
[PlyCount "84"]
[EventDate "2016.10.28"]
[EventType "team"]
[EventRounds "11"]
[EventCountry "AUT"]
[WhiteTeam "Goetzis 2"]
[BlackTeam "Pradl"]

1. Nf3 d5 2. c4 c6 3. e3 Nf6 4. b3 e6 5. Bb2 Nbd7 6. Be2 Bd6 7. d4 Qe7 8. Nc3
O-O 9. O-O b6 10. Qc2 Bb7 11. e4 dxe4 12. Nxe4 Nxe4 13. Qxe4 f5 14. Qe3 c5 15.
Rad1 Rae8 16. Qg5 Nf6 17. Ne5 Qc7 18. Qe3 f4 19. Qxf4 Ne4 20. Qh4 cxd4 21. f4
Rd8 22. Kh1 Bxe5 23. fxe5 Qxe5 24. Rxf8+ Rxf8 25. Bxd4 Nf2+ 26. Qxf2 Rxf2 27.
Bxe5 Rxe2 28. Bc3 Rc2 29. Be5 Bc6 30. Rg1 Re2 31. Bb8 Rxa2 32. h4 a5 33. Bc7
Rb2 34. Bxb6 Rxb3 35. Bc7 Rh3+ 36. Bh2 Rxh4 37. c5 Rc4 38. Bd6 Rc2 39. Kh2 a4
40. Kg3 a3 41. Rf1 h6 42. Rf2 a2 0-1

[Event "2. Bundesliga West 2016/17"]
[Site "Salzburg/Wals"]
[Date "2017.03.05"]
[Round "11"]
[Board "2"]
[White "Doskocil, Klaus"]
[Black "Gretz, Denis"]
[Result "1/2-1/2"]
[WhiteElo "2211"]
[BlackElo "2339"]
[PlyCount "81"]
[EventDate "2016.10.28"]
[EventType "team"]
[EventRounds "11"]
[EventCountry "AUT"]
[WhiteTeam "Pradl"]
[BlackTeam "Goetzis 2"]

1. e4 c5 2. c3 Nf6 3. e5 Nd5 4. Nf3 d6 5. d4 cxd4 6. cxd4 Nc6 7. Bc4 Nb6 8. Bb5
dxe5 9. Nxe5 Bd7 10. Nxd7 Qxd7 11. O-O g6 12. Nc3 Rd8 13. Be3 Bg7 14. Qf3 a6
15. Bxc6 Qxc6 16. Qxc6+ bxc6 17. Rfd1 Nc4 18. Na4 e5 19. dxe5 Nxe3 20. fxe3
Bxe5 21. Rdc1 Kd7 22. Nc5+ Kc8 23. Rc2 Bd6 24. Rac1 Bxc5 25. Rxc5 Kb7 26. Rxc6
Rd1+ 27. Rxd1 Kxc6 28. Kf2 f5 29. Kf3 Rb8 30. Rd2 Rb4 31. b3 a5 32. Rd4 Rb5 33.
e4 fxe4+ 34. Rxe4 Rd5 35. Rc4+ Kb6 36. h4 Rd3+ 37. Ke2 Rg3 38. Kf2 Rd3 39. Ke2
Rg3 40. Kf2 Rd3 41. Ke2 1/2-1/2

[Event "2. Bundesliga West 2016/17"]
[Site "Salzburg/Wals"]
[Date "2017.03.05"]
[Round "11"]
[Board "3"]
[White "De Visser, Leon"]
[Black "Matt, Stefan"]
[Result "1-0"]
[WhiteElo "2258"]
[BlackElo "2122"]
[PlyCount "59"]
[EventDate "2016.10.28"]
[EventType "team"]
[EventRounds "11"]
[EventCountry "AUT"]
[WhiteTeam "Goetzis 2"]
[BlackTeam "Pradl"]

1. c4 f5 2. g3 Nf6 3. Bg2 g6 4. Nc3 Bg7 5. e3 d6 6. Nge2 O-O 7. O-O e5 8. d3 a5
9. Rb1 c6 10. a3 Na6 11. b4 Bd7 12. Qc2 Rb8 13. Bd2 axb4 14. axb4 Nc7 15. b5
cxb5 16. cxb5 Be6 17. Rfc1 Qd7 18. Qb2 Rfc8 19. Na4 Ncd5 20. Rxc8+ Qxc8 21. e4
fxe4 22. dxe4 Ne7 23. Bb4 Qd8 24. Rd1 Ne8 25. Nec3 Rc8 26. Qa3 Rc4 27. Bxd6
Nxd6 28. Rxd6 Qc8 29. Bf1 Rd4 30. Nb6 1-0

[Event "2. Bundesliga West 2016/17"]
[Site "Salzburg/Wals"]
[Date "2017.03.05"]
[Round "11"]
[Board "4"]
[White "Lins, Philipp"]
[Black "Mueller, Philipp"]
[Result "0-1"]
[WhiteElo "2131"]
[BlackElo "2180"]
[PlyCount "72"]
[EventDate "2016.10.28"]
[EventType "team"]
[EventRounds "11"]
[EventCountry "AUT"]
[WhiteTeam "Pradl"]
[BlackTeam "Goetzis 2"]

1. Nf3 Nf6 2. g3 d5 3. d4 Bf5 4. Bg2 h6 5. O-O e6 6. c4 c6 7. Nc3 Nbd7 8. Nd2
Be7 9. e4 dxe4 10. Ndxe4 O-O 11. Be3 Nxe4 12. Nxe4 Nf6 13. Nc3 Qd7 14. a3 Rfd8
15. h3 Ne8 16. g4 Bg6 17. Qe2 Bf6 18. Rad1 Qe7 19. f4 Rd7 20. Rd2 Rad8 21. Rfd1
Nd6 22. b4 Bh7 23. c5 Ne8 24. Be4 g5 25. Bxh7+ Kxh7 26. Qd3+ Kg7 27. Qe4 Nc7
28. Ne2 Nd5 29. Ng3 Nc3 30. Nh5+ Kh8 31. Qf3 Nxd1 32. Rxd1 Bxd4 33. Bxd4+ Rxd4
34. Rxd4 Rxd4 35. fxg5 Qxg5 36. Qxf7 Qe3+ 0-1

[Event "2. Bundesliga West 2016/17"]
[Site "Salzburg/Wals"]
[Date "2017.03.05"]
[Round "11"]
[Board "5"]
[White "Kranz, Armin"]
[Black "Mitterwald, Johannes"]
[Result "0-1"]
[WhiteElo "2071"]
[BlackElo "2105"]
[PlyCount "110"]
[EventDate "2016.10.28"]
[EventType "team"]
[EventRounds "11"]
[EventCountry "AUT"]
[WhiteTeam "Goetzis 2"]
[BlackTeam "Pradl"]

1. d4 Nf6 2. c4 g6 3. Nf3 Bg7 4. Nc3 O-O 5. Bg5 h6 6. Bh4 d6 7. e3 Nbd7 8. Be2
g5 9. Bg3 Nh5 10. Qc2 Ndf6 11. O-O c6 12. Rfd1 Qa5 13. Rab1 Nxg3 14. hxg3 c5
15. a3 cxd4 16. Nxd4 Bd7 17. b4 Qe5 18. Qd3 g4 19. Rd2 Rfc8 20. Rc1 h5 21. Bd1
Kf8 22. Bc2 a5 23. Bb3 axb4 24. axb4 Ra3 25. Ra2 Rxa2 26. Bxa2 h4 27. gxh4 g3
28. fxg3 Qxg3 29. Nf3 Bh6 30. Ne2 Qg6 31. Qxg6 Bxe3+ 32. Kf1 fxg6 33. Rd1 Be6
34. Rd3 Ng4 35. Rc3 b5 36. Ned4 Bxc4+ 37. Bxc4 Rxc4 38. Rxc4 bxc4 39. b5 Ke8
40. Ke2 Kd7 41. Nc2 Bc5 42. Kd2 d5 43. Kc3 e5 44. Nb4 Kd6 45. Nc6 Bf2 46. Kb4
e4 47. Nfd4 Be1+ 48. Ka4 Bxh4 49. b6 Kc5 50. b7 Bg3 51. Ka5 c3 52. Ne2 Kxc6 53.
Nxg3 Kxb7 54. Kb4 c2 55. Ne2 d4 0-1

[Event "2. Bundesliga West 2016/17"]
[Site "Salzburg/Wals"]
[Date "2017.03.05"]
[Round "11"]
[Board "1"]
[White "Knechtel, Roland"]
[Black "Froewis, Georg"]
[Result "1/2-1/2"]
[WhiteElo "2266"]
[BlackElo "2463"]
[PlyCount "71"]
[EventDate "2016.10.28"]
[EventType "team"]
[EventRounds "11"]
[EventCountry "AUT"]
[WhiteTeam "Ranshofen"]
[BlackTeam "Hohenems II"]

1. c4 e6 2. g3 d5 3. cxd5 exd5 4. Bg2 c6 5. Nf3 Nf6 6. b3 Bd6 7. Bb2 O-O 8. O-O
Bg4 9. d3 Nbd7 10. Nbd2 Re8 11. Re1 Ne5 12. Nxe5 Bxe5 13. Bxe5 Rxe5 14. Nf3 Re7
15. b4 Qb6 16. Qd2 Rae8 17. h3 Bxf3 18. Bxf3 Nd7 19. Rab1 Qd4 20. Qf4 Qb6 21.
b5 Qa5 22. bxc6 bxc6 23. Rec1 Ne5 24. Rc2 h6 25. Bg2 Ng6 26. Qg4 Re6 27. f4 Qa4
28. Rbc1 Qd4+ 29. Kh2 Re3 30. Bf3 Ne7 31. Qd7 Rb8 32. Kg2 Qb6 33. Qd6 Nf5 34.
Qxc6 Nd4 35. Qxb6 Rxb6 36. Rd2 1/2-1/2

[Event "2. Bundesliga West 2016/17"]
[Site "Salzburg/Wals"]
[Date "2017.03.05"]
[Round "11"]
[Board "2"]
[White "Burschowsky, Matthias"]
[Black "Riediger, Martin"]
[Result "0-1"]
[WhiteElo "2195"]
[BlackElo "2288"]
[PlyCount "82"]
[EventDate "2016.10.28"]
[EventType "team"]
[EventRounds "11"]
[EventCountry "AUT"]
[WhiteTeam "Hohenems II"]
[BlackTeam "Ranshofen"]

1. c4 Nf6 2. Nf3 e6 3. g3 b6 4. Bg2 Bb7 5. O-O Be7 6. b3 O-O 7. Bb2 c5 8. e3 d5
9. Qe2 Nc6 10. d4 dxc4 11. bxc4 Qc7 12. Rd1 Rad8 13. Nbd2 Rd7 14. Bh3 Rdd8 15.
Rac1 Rfe8 16. Bg2 Nb4 17. a3 Nc6 18. Nb3 Nb8 19. dxc5 Bxc5 20. Nxc5 Qxc5 21.
Bxf6 gxf6 22. Qb2 Bxf3 23. Bxf3 Qf5 24. Bb7 Rd7 25. Rxd7 Nxd7 26. Bc6 Re7 27.
Qd2 Nf8 28. c5 Rc7 29. e4 Qf3 30. cxb6 axb6 31. Qd8 Qxa3 32. Rc4 Qe7 33. Qb8
Qd6 34. e5 Qd1+ 35. Kg2 Rxc6 36. Rh4 f5 37. Rb4 Kg7 38. Qa8 Qd5+ 39. Kh3 Ng6
40. f4 Qf3 41. Rb2 Nxf4+ 0-1

[Event "2. Bundesliga West 2016/17"]
[Site "Salzburg/Wals"]
[Date "2017.03.05"]
[Round "11"]
[Board "3"]
[White "Ager, Josef"]
[Black "Atlas, Dmitry"]
[Result "0-1"]
[WhiteElo "2144"]
[BlackElo "2218"]
[PlyCount "88"]
[EventDate "2016.10.28"]
[EventType "team"]
[EventRounds "11"]
[EventCountry "AUT"]
[WhiteTeam "Ranshofen"]
[BlackTeam "Hohenems II"]

1. c4 e6 2. g3 d5 3. Bg2 Nf6 4. Nf3 Be7 5. O-O O-O 6. Qc2 d4 7. d3 c5 8. e3 Nc6
9. exd4 cxd4 10. Re1 Ne8 11. a3 a5 12. Nbd2 f6 13. Rb1 a4 14. b4 axb3 15. Nxb3
Nc7 16. Nfd2 e5 17. Ne4 Na6 18. c5 Be6 19. f4 Rc8 20. fxe5 fxe5 21. Qe2 Rc7 22.
Qh5 Rf5 23. Qe2 Rf8 24. Bd2 h6 25. Na5 Qd7 26. Nxc6 Rxc6 27. Nf2 Bd5 28. Bh3
Qd8 29. Qxe5 Bf6 30. Qe2 Nxc5 31. Ng4 Re6 32. Nxf6+ Rexf6 33. Rf1 Bf3 34. Qe5
Nxd3 35. Qb5 Be2 36. Rf5 Rxf5 37. Bxf5 Qf6 38. g4 Bxg4 39. Qd5+ Kh8 40. Bxg4
Qf2+ 41. Kh1 Qxd2 42. Bf3 Nf2+ 43. Kg1 Nh3+ 44. Kh1 Qd3 0-1

[Event "2. Bundesliga West 2016/17"]
[Site "Salzburg/Wals"]
[Date "2017.03.05"]
[Round "11"]
[Board "4"]
[White "Heinrici, Simon"]
[Black "Kuecher, Wolfgang"]
[Result "1-0"]
[WhiteElo "2099"]
[BlackElo "2122"]
[PlyCount "85"]
[EventDate "2016.10.28"]
[EventType "team"]
[EventRounds "11"]
[EventCountry "AUT"]
[WhiteTeam "Hohenems II"]
[BlackTeam "Ranshofen"]

1. e4 g6 2. d4 Bg7 3. Nc3 d6 4. f4 a6 5. Nf3 b5 6. Bd3 Bb7 7. e5 c5 8. dxc5
dxe5 9. fxe5 Qc7 10. Be4 Bxe4 11. Nxe4 Nc6 12. O-O Nxe5 13. Nxe5 Qxe5 14. Nd6+
exd6 15. Re1 Ne7 16. Rxe5 dxe5 17. Qe2 O-O 18. c3 Rac8 19. Be3 Nd5 20. a4 b4
21. cxb4 Nxb4 22. Qc4 a5 23. Bd2 Rb8 24. Bc3 Rfd8 25. c6 Rdc8 26. Bxb4 axb4 27.
b3 Rb6 28. Rc1 Bh6 29. Qc5 Ra6 30. Rc2 Bf8 31. Qb5 Ra7 32. Qxe5 Rac7 33. Qb5
Re8 34. a5 Bh6 35. g3 Bf8 36. a6 Ree7 37. Qb8 Kg7 38. a7 Rxa7 39. c7 Rexc7 40.
Rxc7 Ra1+ 41. Kg2 Ra2+ 42. Kh3 Bd6 43. Rxf7+ 1-0

[Event "2. Bundesliga West 2016/17"]
[Site "Salzburg/Wals"]
[Date "2017.03.05"]
[Round "11"]
[Board "5"]
[White "Schwarzmeier, Klaus"]
[Black "Uhlmann, David"]
[Result "1-0"]
[WhiteElo "2138"]
[BlackElo "2066"]
[PlyCount "77"]
[EventDate "2016.10.28"]
[EventType "team"]
[EventRounds "11"]
[EventCountry "AUT"]
[WhiteTeam "Ranshofen"]
[BlackTeam "Hohenems II"]

1. c4 c5 2. g3 g6 3. Bg2 Nc6 4. Nc3 Bg7 5. Nf3 e5 6. a3 Nge7 7. O-O d6 8. Ne1
Be6 9. Nd5 O-O 10. Rb1 Qd7 11. b4 cxb4 12. axb4 Rac8 13. d3 Bxd5 14. cxd5 Nd4
15. Bd2 Nb5 16. Qa4 Rfd8 17. e4 Nc3 18. Qxd7 Rxd7 19. Ra1 Nb5 20. Bh3 f5 21.
Bg5 Rf8 22. Ng2 b6 23. Nh4 Nd4 24. Be3 Rc7 25. Bxd4 exd4 26. Rfc1 Rc3 27. exf5
gxf5 28. Re1 Rc7 29. b5 Nxd5 30. Nxf5 Nb4 31. Re7 Rf7 32. Re8+ Rf8 33. Re7 Rf7
34. Rxf7 Kxf7 35. Nxd6+ Ke7 36. Nc8+ Kd8 37. Nxa7 Nxd3 38. Nc6+ Ke8 39. Be6 1-0

[Event "2. Bundesliga West 2016/17"]
[Site "Salzburg/Wals"]
[Date "2017.03.05"]
[Round "11"]
[Board "6"]
[White "Kuntner, Reinhard"]
[Black "Spiesberger, Gerhard"]
[Result "1/2-1/2"]
[WhiteElo "1922"]
[BlackElo "2054"]
[PlyCount "104"]
[EventDate "2016.10.28"]
[EventType "team"]
[EventRounds "11"]
[EventCountry "AUT"]
[WhiteTeam "Hohenems II"]
[BlackTeam "Ranshofen"]

1. d4 e6 2. g3 c5 3. Nf3 Nf6 4. Bg2 Nc6 5. O-O cxd4 6. Nxd4 Bc5 7. Nb3 Be7 8.
e4 d5 9. exd5 Nxd5 10. Qe2 Qc7 11. c4 Nf6 12. Nc3 O-O 13. Nb5 Qe5 14. Re1 Qxe2
15. Rxe2 Bd7 16. Bf4 Rfd8 17. Bd6 Kf8 18. c5 a6 19. Bxe7+ Kxe7 20. Nd6 Rab8 21.
Rd1 Ne8 22. Red2 Nxd6 23. cxd6+ Ke8 24. Nc5 Na5 25. b4 Nc6 26. a3 Rdc8 27. f4
g6 28. Kf2 Rd8 29. Bf3 Kf8 30. Re1 h5 31. Kg2 Kg8 32. h3 Kf8 33. g4 h4 34. g5
Kg7 35. Ree2 Kg8 36. Re3 Kg7 37. Bg4 Na7 38. Kf2 Kg8 39. Rc3 Bc6 40. Re3 Bd5
41. Bf3 Rxd6 42. Ne4 Rdd8 43. Nf6+ Kf8 44. Red3 Nb5 45. Bxd5 exd5 46. Rxd5 Rxd5
47. Rxd5 Ke7 48. a4 Nc3 49. Re5+ Kd6 50. Ne8+ Kd7 51. Nf6+ Kd6 52. Ne8+ Kd7
 1/2-1/2

[Event "2. Bundesliga West 2016/17"]
[Site "Salzburg/Wals"]
[Date "2017.03.05"]
[Round "11"]
[Board "1"]
[White "Rusche, Johannes"]
[Black "Vogel, Roven"]
[Result "0-1"]
[WhiteElo "2265"]
[BlackElo "2415"]
[PlyCount "66"]
[EventDate "2016.10.28"]
[EventType "team"]
[EventRounds "11"]
[EventCountry "AUT"]
[WhiteTeam "Kufstein/Woergl"]
[BlackTeam "Dornbirn"]

1. e4 c5 2. c3 d5 3. exd5 Qxd5 4. d4 Nf6 5. Nf3 Bg4 6. Nbd2 Nc6 7. Bc4 Bxf3 8.
Qb3 Na5 9. Qb5+ Qd7 10. Nxf3 Nxc4 11. Qxc4 cxd4 12. Nxd4 g6 13. Bf4 Bg7 14. O-O
Nd5 15. Bg3 Nb6 16. Qe2 Bxd4 17. cxd4 O-O 18. Rfe1 Nd5 19. h4 h5 20. Qf3 f6 21.
Rac1 Rac8 22. Rc5 e6 23. Qd3 Kf7 24. Rec1 b6 25. R5c4 Rxc4 26. Qxc4 Qb7 27. a4
Rd8 28. b3 Ne7 29. Re1 Qc8 30. Qd3 Nf5 31. Re4 Qc6 32. Bf4 Nxh4 33. Bd2 Nf5 0-1